Granada... or Grenada? - Statistics

General Stats
  • This quiz has been taken 177 times
    157 since last reset
  • The average score is 11 of 15
Answer Stats
Question Answer % Correct
Is famous for the historic Alhambra Granada
100%
Is located in the Caribbean Grenada
100%
Is part of the Commonwealth Grenada
100%
Able to see the Sierra Nevada mountains Granada
93%
Has an average elevation over 700m Granada
93%
Was a Muslim Kingdom for over 800 years Granada
93%
Was inhabited by the indigenous Arawaks Grenada
93%
Is known for its spices Grenada
87%
Is less than 100 km to the Coast Both
73%
Has Spanish as the official language Granada
73%
Has Green and Red on its flag Both
60%
Has a Population less than 300,000 Both
53%
Has been visited by the Dalai Lama Granada
47%
Has 3 National Parks Grenada
47%
Has a large majority of Roman Catholics Both
27%
No matching quizzes found
Score Distribution
Percent of People with Each Score
Percentile by Number Answered
Your Score History
You have not taken this quiz since the last reset